000 00666nam a2200217Ia 4500
001 3327
003 GE_BSU
008 181216s||||||||xx |||||||||||||| ||und||
040 _cGE_BSU
080 _a514.18(075.8)
100 _aЛоктев,О.В. Числов,П.А.
245 _aЗадачник по начертательной геометрии.
245 _bУчебное пособие.
245 _cРед. Т.М.Минаева.
260 _aМ.
260 _bВысш. школа.
260 _c1977.
300 _a103 стр. с илл. 24см.
653 _aЗадачник по начертательной геометрии.
942 _cBK
999 _c37368
_d37368